Guess the red devil 4 - Statistics

General Stats
  • This quiz has been taken 8 times
  • The average score is 11 of 16
Answer Stats
Picture Answer % Correct
Axel Witsel
100%
Jean-Marie Pfaff
100%
Michel Preud'homme
100%
Brandon Mechele
75%
Dennis Praet
75%
Gert Verheyen
75%
Johan Bakayoko
75%
Sebastiaan Bornauw
75%
Timmy Simons
75%
Jan Ceulemans
63%
Nicolas Lombaerts
63%
Sambi Lokonga
63%
Yari Verschaeren
63%
Adnan Januzaj
50%
Enzo Scifo
50%
Thomas Kaminski
38%
No matching quizzes found
Score Distribution
Percent of People with Each Score
Percentile by Number Answered
Your Score History
You have not taken this quiz